00968nam a22002297a 450000500170000000800410001702000180005804000500007604100080012610000190013424500790015326000520023230000330028450000660031752002220038365000220060565000280062765000260065570000190068170000210070070000170072120260416155939.0260416t2002 |||||||| |||| 00| 0 eng d a9780965879835 aCO-BoUCMbspacSandra PalaciodSandra Palacio aeng aRomaine, James10aObjects of grace :bconversations on creativity and faith /cJames Romaine aBaltimore, Maryland :bSquare Halo Books,c2002 a173 páginasbilustraciones aIncluye perfiles biográficos de los artistas entrevistados. aCompilación de diálogos entre el autor y destacados artistas visuales sobre la relación entre el proceso creativo y la espiritualidad cristiana. Se examina el papel del arte en la iglesia y la vida del creyente. 4aArte y religión 4aCristianismo en el arte 4aArtistasxEntrevistas1 aBowden, Sandra1 aFujimura, Makoto1 aRollins, Tim